Polacy grający kiedykolwiek w lidze tureckiej . - Statystyki

Ogólne statystyki
  • Ten quiz został rozwiązany 45 razy
  • Średni wynik to 11 z 49
Statystyki odpowiedzi
Klub Pozycja Piłkarz % Poprawnych
Trabzonspor Ofensywny pomocnik Mierzejewski
84%
Ankaragucu Środkowy obrońca Pazdan
81%
Sivasspor Lewy napastnik Grosicki
77%
Basaksehir Prawy obrońca Kus
60%
Trabzonspor Środkowy napastnik Brożek
58%
Trabzonspor Lewy obrońca Brożek
58%
Trabzonspor Ofensywny pomocnik Szymkowiak
51%
Galatasaray Środkowy napastnik Kosecki
47%
Fatih Karagumruk Środkowy napastnik Sobiech
44%
Osmanlispor, Ankaragucu Środkowy obrońca Szukała
40%
Gaziantep FK Prawy obrońca Olkowski
35%
Ankaragucu, Caykur Rizespor Prawy napastnik Michalak
33%
Trabzonspor Środkowy obrońca Głowacki
28%
Ankaragucu Defensywny pomocnik Łukasik
28%
Goztepe Bramkarz Majdan
28%
Denizlispor Środkowy pomocnik Murawski
28%
Goztepe Środkowy napastnik Wilczek
28%
Caykur Rizespor Ofensywny pomocnik Obraniak
26%
Ankaragucu Środkowy obrońca Żewłakow
26%
Genclerbirligi Środkowy pomocnik Furman
23%
Denizlispor Bramkarz Stachowiak
23%
Genclerbirligi Defensywny pomocnik Zdebel
19%
Eskisehirspor Lewy napastnik Małecki
14%
Konyaspor, Mersin Idmanyurdu Środkowy napastnik Robak
14%
Caykur Rizespor Trabzonspor Tuszyński
14%
Manisaspor Środkowy pomocnik Iwański
12%
Gaziantep FK Prawy napastnik Pawłowski
9%
Denizlispor, Akcaabat Sebatspor Pomocnik Zając
9%
Besiktas Bramkarz Bako
7%
Kocaelispor, Besiktas Prawy pomocnik Dobra
7%
Caykur Rizespor Środkowy obrońca Jach
7%
Bakirkoyspor Środkowy napastnik Araszkiewicz
5%
Trabzonspor, Karsiyaka Środkowy napastnik Cyzio
5%
Diyarbakirspor Cofnięty napastnik Moskalewicz
5%
Konyaspor, Caykur Rizespor Bramkarz Pawełek
5%
Sivasspor Środkowy napastnik Piech
5%
Fenerbahce, Vanspor Środkowy obrońca Soczyński
5%
Antalyaspor Środkowy obrońca Bieniuk
2%
Antalyaspor Środkowy obrońca Dziewicki
2%
Fenerbahce Środkowy obrońca Jakołcewicz
2%
Bakirkoyspor Ofensywny pomocnik Nowak
2%
Diyarbakirspor Bramkarz Sarnat
2%
Besiktas, Gaziantepspor Lewy pomocnik Zejer
2%
Malatyaspor Środkowy napastnik Ziarkowski
2%
Diyarbakirspor Środkowy pomocnik Dźwigała
0%
Kayseri Erciyesspor Pomocnik Grad
0%
Adanaspor Ofensywny pomocnik Kupcewicz
0%
Adanaspor Środkowy napastnik Pachelski
0%
Bursaspor Ofensywny pomocnik Pałasz
0%
Nie znaleziono quizów pasujących do podanych kryteriów
Rozkład punktacji
Procent ludzi z każdym wynikiem
Percentyl według liczby udzielonych odpowiedzi
Twoja historia wyników
Nie rozwiązałeś tego quizu